000 00931nam a2200289Ia 4500
001 Z_5632
003 CHAP
008 220113s2008 xx 000 0 und d
010 _a168732
040 _cCHAP
090 _aTesis A 2071
100 _aAlviter Aguilar, Claudia Inés
_95040
245 _aEstudio preliminar de cadenas productivas en una organización agropecuaria del estado de Hidalgo /
_cClaudia Inés Alviter Aguilar
260 _aChapingo, Méx. :
_bEl autor,
_c2008
300 _a66 h. ; gráfs.
502 _aTesis (Ing. Agr. Esp. en Zootecnia) -- UACH. Departamento de Zootecnia
650 _aAgricultura
_xInnovaciones tecnológicas
_91565
650 _aOrganización de productores
_983544
650 _aProductos agrícolas
_xMercadeo
_xHidalgo
_9143007
650 _aRedes de valor
_995384
901 _aTESIS A 2071
902 _aM
910 _a2008
942 _c2
942 _c2
999 _c168732
_d168732